| 000 | 00338nam a22001217a 4500 | ||
|---|---|---|---|
| 082 |
_a388 _bLAY _cD |
||
| 245 | _aA review of personal rapid transit technology | ||
| 260 |
_aWashington _bThe world bank _c1974 |
||
| 300 |
_avii, p-44 : _bill, ; _c20 cm. |
||
| 526 |
_a0 _b0 _c0 _d388_000000000000000_LAY |
||
| 650 | _aMCE (D) | ||
| 942 |
_2ddc _cBK |
||
| 999 |
_c543004 _d543004 |
||